000 00612nam a22002417a 4500
003 UA-OsUOA
001 33994
007 ta
008 20050920b un ||||| |||| 00| 0 ukr d
100 _aЗавада В. Т.
090 _a726.5(477.41/42)
_bЗ-13
942 _cBK
040 _aUA-OsUOA
_bukr
_cUA-OsUOA
_dUA-OsUOA
245 _aДерев'яні храми Полісся.
300 _a168 с.
955 _a2
041 _aukr
080 _a726.5(477.41/42)
020 _a966-575-122-0
260 _aК.
_bТехніка
_c2004
650 7 _a72 Архітектура
_2UDC
999 _c320442
_d320442